000 00490nam a2200181Ia 4500
001 11467
005 20260306162830.0
008 260306t1996||||xx |||||||||||||| ||spa||
041 _aESP
082 _a985.06
_bG86 T. 2
100 _aGuerra Martiniére, Margarita
_eAUT
245 0 _aLa ocupación de Lima:
_b(1881-1883): aspectos económicos del gobierno de García Calderón
260 _c1996
300 _a
_c20 cm.
650 _aGEN
654 _aCHU
942 _cLIB
_dJUS
_fJUS
_2ddc
_n
999 _c11467
_d11467